000 00704nam a2200205 i 4500
001 114930
003 ES-MaACL
007 t|
008 070212s1955 sp ||||1| ger d
080 _a515.1
100 1 _aKrull, Wolfgang.
_968913
245 1 0 _aCharakterentopologie, isomorphismentopologie und bewertungstopologie /
_cWolfgang Krull.
260 _aMadrid :
_bConsejo Superior de Investigaciones Científicas,
_c1955.
300 _a74 p. ;
_c24 cm.
490 1 _aMemorias de matemáticas del Instituto "Jorge Juan" ;
_v16
650 1 4 _aTopología.
_917553
830 0 0 _aMemorias de matemáticas del Instituto "Jorge Juan"
_v16
_9185834
852 _aES-MaACL
_jE-4516
999 _c114930
_d114930